[Event "SVK-chT4 A21 2223"]
[Site "Slovakia"]
[Date "2023.01.29"]
[Round "7.2"]
[White "Planka, Peter"]
[Black "Hrubsa, Marian"]
[Result "0-1"]
[WhiteElo "1779"]
[BlackElo "1739"]
[PlyCount "98"]
[EventDate "2022.10.09"]
[EventType "team-tourn"]
[EventRounds "11"]
[EventCountry "SVK"]
[SourceTitle "EXT 2024"]
[Source "ChessBase"]
[SourceDate "2023.10.10"]
[SourceVersion "1"]
[SourceVersionDate "2023.10.10"]
[SourceQuality "1"]
[WhiteTeam "Petrova Ves"]
[BlackTeam "Skalica II"]
[WhiteTeamCountry "SVK"]
[BlackTeamCountry "SVK"]

1. e4 e6 2. d4 d5 3. Nd2 Nf6 4. e5 Nfd7 5. Bd3 c5 6. c3 Nc6 7. Ne2 cxd4 8. cxd4 Be7 9. 0-0 0-0 10. Nf3 f5 11. exf6 Nxf6 12. Bf4 Nh5 13. Bg3 Nxg3 14. Nxg3 g6 15. Qd2 Bf6 16. Rae1 Nxd4 17. Nxd4 Bxd4 18. Bxg6 Bxf2+ 19. Rxf2 Rxf2 20. Bxh7+ Kxh7 21. Qxf2 Qb6 22. Rc1 Qxf2+ 23. Kxf2 b6 24. Rc7+ Kg6 25. Ne2 e5 26. Nc3 d4 27. Nb5 Bg4 28. Rxa7 Rf8+ 29. Kg3 Be2 30. Rb7 Rf6 31. Nc7 d3 32. Nd5 d2 33. Ne3 d1Q 34. Nxd1 Bxd1 35. h4 e4 36. Rd7 Bc2 37. Re7 b5 38. a3 Bd3 39. Re5 Rf1 40. Kh3 Rh1+ 41. Kg4 Rb1 42. h5+ Kf6 43. Re8 Rxb2 44. g3 Rh2 45. Rb8 e3 46. Kf4 e2 47. Rb6+ Ke7 48. Rb7+ Kd6 49. Rb6+ Kd5 0-1

[Event "SVK-chT3A2 1617"]
[Site "Slovakia"]
[Date "2017.01.08"]
[Round "6.6"]
[White "Kovarik, Otto"]
[Black "Planka, Peter"]
[Result "0-1"]
[WhiteElo "1803"]
[BlackElo "1781"]
[PlyCount "100"]
[EventDate "2016.10.16"]
[EventType "team-tourn"]
[EventRounds "11"]
[EventCountry "SVK"]
[SourceTitle "EXT 2020"]
[Source "ChessBase"]
[SourceDate "2019.10.17"]
[SourceVersion "1"]
[SourceVersionDate "2019.10.17"]
[SourceQuality "1"]
[WhiteTeam "Holic"]
[BlackTeam "Skalica II"]
[WhiteTeamCountry "SVK"]
[BlackTeamCountry "SVK"]

1. e4 e5 2. Nf3 Nc6 3. Bb5 a6 4. Bxc6 dxc6 5. h3 f6 6. d4 exd4 7. Qxd4 Qxd4 8. Nxd4 Bd6 9. c4 Ne7 10. Nc3 Kf7 11. Be3 c5 12. Nde2 Bd7 13. f4 Rhe8 14. 0-0 Kg8 15. Rad1 Rad8 16. f5 Nxf5 17. Bf2 Ne7 18. Bg3 Bxg3 19. Nxg3 Bc6 20. Nd5 Bxd5 21. exd5 Nc8 22. b3 Re5 23. Rde1 Rde8 24. Rxe5 Rxe5 25. Rf2 Nd6 26. Kh2 Kf7 27. Rd2 a5 28. Kg1 g6 29. Kf2 f5 30. Kf3 Kf6 31. h4 h6 32. Rd1 Ke7 33. Kf4 Kf6 34. Rd2 Ne4 35. Nxe4+ Rxe4+ 36. Kg3 Ke5 37. Kh3 Re3+ 38. Kh2 Re4 39. g3 Kd6 40. Kg2 c6 41. Kf3 Rd4 42. Rxd4 cxd4 43. dxc6 Kxc6 44. a3 Kc5 45. Ke2 d3+ 46. Kd2 Kd4 47. Kd1 Ke3 48. Ke1 g5 49. hxg5 hxg5 50. Kd1 f4 0-1

[Event "SVK-chT2A 1617"]
[Site "Slovakia"]
[Date "2016.10.08"]
[Round "1.5"]
[White "Planka, Peter"]
[Black "Kostolansky, Sebastian Lukas"]
[Result "0-1"]
[WhiteElo "1786"]
[BlackElo "2007"]
[PlyCount "64"]
[EventDate "2016.10.08"]
[EventType "team-tourn"]
[EventRounds "11"]
[EventCountry "SVK"]
[SourceTitle "CBM 175 Extra"]
[Source "ChessBase"]
[SourceDate "2016.12.12"]
[SourceVersion "1"]
[SourceVersionDate "2016.12.12"]
[SourceQuality "1"]
[WhiteTeam "Skalica"]
[BlackTeam "Bratislava Slovan V"]
[WhiteTeamCountry "SVK"]
[BlackTeamCountry "SVK"]

1. e4 e6 2. b3 d5 3. Bb2 Nf6 4. e5 Nfd7 5. Nf3 c5 6. c3 Qa5 7. d4 cxd4 8. Qxd4 Nc6 9. Qf4 Qc7 10. Bb5 Bc5 11. 0-0 0-0 12. b4 Bb6 13. Bxc6 bxc6 14. c4 dxc4 15. Qxc4 a5 16. Rc1 axb4 17. Qxb4 Rb8 18. Qd2 Rd8 19. Qc2 Qa7 20. Ba3 c5 21. Bb2 c4 22. Ba3 Bb7 23. Ng5 g6 24. Bd6 Rbc8 25. Nc3 Qa8 26. Na4 Bd4 27. Rab1 Bxg2 28. Re1 Bc6 29. Rb4 Bxa4 30. Rxa4 Qd5 31. Qe4 Qxe4 32. Rxe4 Bxe5 0-1

[Event "SVK-chT3A2 1516"]
[Site "Slovakia"]
[Date "2016.02.21"]
[Round "8"]
[White "Brunovsky, Peter"]
[Black "Planka, Peter"]
[Result "1/2-1/2"]
[WhiteElo "1852"]
[BlackElo "1743"]
[PlyCount "110"]
[EventDate "2015.10.11"]
[EventType "team-tourn"]
[EventRounds "11"]
[EventCountry "SVK"]
[SourceTitle "EXT 2020"]
[Source "ChessBase"]
[SourceDate "2019.10.17"]
[SourceVersion "1"]
[SourceVersionDate "2019.10.17"]
[SourceQuality "1"]
[WhiteTeam "Gbely Nafta"]
[BlackTeam "Skalica II"]
[WhiteTeamCountry "SVK"]
[BlackTeamCountry "SVK"]

1. c4 e5 2. e4 Nf6 3. d3 Bb4+ 4. Bd2 Bxd2+ 5. Qxd2 0-0 6. g3 c6 7. Bg2 d6 8. Ne2 Nbd7 9. 0-0 Ng4 10. h3 Nh6 11. g4 f6 12. Nbc3 Nc5 13. b4 Ne6 14. a4 a6 15. a5 Bd7 16. Na4 Nc7 17. Nb6 Rb8 18. f4 Na8 19. Nxa8 Rxa8 20. Nc3 Kh8 21. Na4 Ng8 22. Nb6 Rb8 23. d4 exf4 24. Qxf4 Be6 25. Rad1 Ne7 26. Qg3 Nc8 27. Nxc8 Rxc8 28. c5 d5 29. Qb3 Kg8 30. Rde1 Qd7 31. exd5 Bxd5 32. Bxd5+ cxd5 33. Re3 Rce8 34. Rfe1 Kf7 35. Qa2 Rxe3 36. Rxe3 Re8 37. Rxe8 Kxe8 38. Qh2 Kd8 39. Qb8+ Qc8 40. Qd6+ Qd7 41. Qb6+ Qc7 42. Kg2 Kd7 43. Kf3 Qc6 44. Kf4 g6 45. h4 Kc8 46. h5 Qc7+ 47. Kf3 Qe7 48. Kf2 gxh5 49. gxh5 f5 50. Kf1 Qe3 51. Qf6 Qf3+ 52. Ke1 Qe3+ 53. Kf1 Qf3+ 54. Ke1 Qe3+ 55. Kf1 Qf3+ 1/2-1/2

[Event "SVK-chT4 A21 1516"]
[Site "Slovakia"]
[Date "2015.12.13"]
[Round "5.2"]
[White "Vagovic, Milan"]
[Black "Planka, Peter"]
[Result "1/2-1/2"]
[WhiteElo "1609"]
[BlackElo "1753"]
[PlyCount "102"]
[EventDate "2015.10.04"]
[EventType "team-tourn"]
[EventRounds "11"]
[EventCountry "SVK"]
[SourceTitle "CBM 170 Extra"]
[Source "ChessBase"]
[SourceDate "2016.02.25"]
[SourceVersion "1"]
[SourceVersionDate "2016.02.25"]
[SourceQuality "1"]
[WhiteTeam "Chtelnica Kamenar"]
[BlackTeam "Skalica III"]
[WhiteTeamCountry "SVK"]
[BlackTeamCountry "SVK"]

1. d4 Nf6 2. Nf3 e6 3. Bf4 b6 4. e3 Bb7 5. Bd3 Be7 6. 0-0 0-0 7. c4 d5 8. Nc3 dxc4 9. Bxc4 Nd5 10. Nxd5 exd5 11. Bd3 c5 12. Qc2 h6 13. Rac1 c4 14. Be2 Nd7 15. Ne5 b5 16. Bf3 Nf6 17. Ng4 Nxg4 18. Bxg4 Bd6 19. Bg3 Qe7 20. Bxd6 Qxd6 21. a3 a5 22. Bf3 Rfe8 23. Rfe1 a4 24. Qc3 f5 25. Qc2 Qf6 26. Qc3 Qd6 27. Qc2 Qd7 28. Bh5 Re7 29. Qd2 Bc6 30. Qc2 Rf8 31. Bf3 Rf6 32. g3 g6 33. Re2 Kg7 34. Rce1 Rf8 35. Bg2 Rfe8 36. Bh3 Qd6 37. Qc3 h5 38. f4 Rb8 39. Qb4 Qxb4 40. axb4 Ra8 41. Ra1 Rea7 42. Ra3 Bd7 43. Bg2 Be6 44. Bf3 Rc7 45. h3 Kf6 46. Rg2 Rh8 47. h4 Ke7 48. Kf1 Kd6 49. Kg1 Rhc8 50. Rc2 Bd7 51. Kg2 Bc6 1/2-1/2

[Event "SVK-chT2A 1516"]
[Site "Slovakia"]
[Date "2015.12.05"]
[Round "5.7"]
[White "Planka, Peter"]
[Black "Capanda, Jan"]
[Result "0-1"]
[WhiteElo "1740"]
[BlackElo "1850"]
[PlyCount "104"]
[EventDate "2015.10.17"]
[EventType "team-tourn"]
[EventRounds "11"]
[EventCountry "SVK"]
[SourceTitle "CBM 169 Extra"]
[Source "ChessBase"]
[SourceDate "2015.12.18"]
[SourceVersion "1"]
[SourceVersionDate "2015.12.18"]
[SourceQuality "1"]
[WhiteTeam "Skalica"]
[BlackTeam "Trnava Modranka"]
[WhiteTeamCountry "SVK"]
[BlackTeamCountry "SVK"]

1. e4 Nf6 2. e5 Nd5 3. c4 Nb6 4. d4 e6 5. Nf3 d5 6. c5 N6d7 7. b4 b6 8. Bb2 Be7 9. Bd3 0-0 10. Qc2 f5 11. 0-0 c6 12. Nbd2 Na6 13. a3 Nc7 14. cxb6 axb6 15. Qxc6 Rb8 16. Rfc1 Nc5 17. Rxc5 bxc5 18. Qa4 cxb4 19. axb4 Bxb4 20. Qc2 Bd7 21. Rc1 Nb5 22. Nb3 Na3 23. Qe2 Bb5 24. Bxa3 Bxd3 25. Qxd3 Bxa3 26. Ra1 Be7 27. Nfd2 Rb6 28. Rc1 Bg5 29. Nc5 Qe7 30. Ra1 Rfb8 31. Ndb3 Qe8 32. Ra6 Be7 33. h3 Bxc5 34. Nxc5 Qe7 35. Qa3 Rxa6 36. Qxa6 Kf7 37. Qe2 Rb4 38. Qh5+ Kg8 39. Qd1 Rc4 40. Qa1 Rxc5 41. dxc5 Qxc5 42. Qa4 Qc1+ 43. Kh2 Qc8 44. Qa7 Qd8 45. Kg3 d4 46. Qa6 Qd7 47. Qd6 Qxd6 48. exd6 Kf7 49. f4 Ke8 50. Kf3 Kd7 51. Ke2 Kxd6 52. Kd3 Kd5 0-1

[Event "SVK-chT5 SE-SI 1314"]
[Site "Slovakia"]
[Date "2013.10.26"]
[Round "2.1"]
[White "Planka, Peter"]
[Black "Brunovsky, Peter"]
[Result "0-1"]
[WhiteElo "1770"]
[BlackElo "1829"]
[PlyCount "60"]
[EventDate "2013.10.19"]
[EventType "team-tourn"]
[EventRounds "11"]
[EventCountry "SVK"]
[SourceTitle "EXT 2022"]
[Source "ChessBase"]
[SourceDate "2021.10.06"]
[SourceVersion "1"]
[SourceVersionDate "2021.10.06"]
[SourceQuality "1"]
[WhiteTeam "Skalica IV"]
[BlackTeam "Gbely Nafta II"]
[WhiteTeamCountry "SVK"]
[BlackTeamCountry "SVK"]

1. e4 c6 2. d4 d5 3. Nc3 dxe4 4. Nxe4 Nf6 5. Nxf6+ gxf6 6. Nf3 Bg4 7. Be2 e6 8. Bf4 Bd6 9. Qd2 Qc7 10. Bxd6 Qxd6 11. 0-0-0 Nd7 12. h3 Bf5 13. Bd3 Bg6 14. Rhe1 0-0-0 15. Bxg6 hxg6 16. Re2 Kb8 17. Re3 Nb6 18. Rb3 Ka8 19. Qa5 Rh5 20. Qb4 Qxb4 21. Rxb4 Nd5 22. Rb3 Nf4 23. Ne1 Rxd4 24. Rxd4 Ne2+ 25. Kd1 Nxd4 26. Rd3 Rd5 27. c4 Rd8 28. Nc2 e5 29. Kd2 c5 30. Ne3 e4 0-1

[Event "SVK-chT5 SE-SI 1314"]
[Site "Slovakia"]
[Date "2013.10.19"]
[Round "1.1"]
[White "Jarabek, Milan"]
[Black "Planka, Peter"]
[Result "0-1"]
[WhiteElo "1744"]
[BlackElo "1770"]
[PlyCount "80"]
[EventDate "2013.10.19"]
[EventType "team-tourn"]
[EventRounds "11"]
[EventCountry "SVK"]
[SourceTitle "EXT 2022"]
[Source "ChessBase"]
[SourceDate "2021.10.06"]
[SourceVersion "1"]
[SourceVersionDate "2021.10.06"]
[SourceQuality "1"]
[WhiteTeam "Skalica V"]
[BlackTeam "Skalica IV"]
[WhiteTeamCountry "SVK"]
[BlackTeamCountry "SVK"]

1. e4 e5 2. d4 exd4 3. c3 dxc3 4. Bc4 Nc6 5. Qd5 Qf6 6. Nxc3 Bb4 7. Nge2 Nge7 8. Qh5 0-0 9. Bg5 Qg6 10. Qh4 h6 11. Be3 Ne5 12. Bb3 Qg4 13. Qxg4 Nxg4 14. Bd4 c5 15. Be3 Nxe3 16. fxe3 b5 17. 0-0-0 Rb8 18. Nd5 Nc6 19. Nxb4 Nxb4 20. a3 Nc6 21. Rhf1 c4 22. Bc2 Ne5 23. Rd6 Bb7 24. Nc3 Bc6 25. Nd5 Rfe8 26. Nc7 Re7 27. Na6 Rb6 28. Nc5 a5 29. b4 axb4 30. axb4 Rb8 31. Kb2 Ra8 32. Ra1 Rxa1 33. Kxa1 Re8 34. Kb2 Rc8 35. h3 Kf8 36. Rd1 Ra8 37. Ra1 Rxa1 38. Kxa1 Ke7 39. Na6 Kd8 40. Nb8 Bb7 0-1